000 00432nam a2200145Ia 4500
008 230917s9999||||xx |||||||||||||| ||und||
040 _e195593
_aMAIN
041 _aEnglish
082 _a346.0434 J199P
100 _aJain, J L
245 0 _aPunjab Occupancy Tenants (Vesting of Proprietary Rights) Act, 1952 with common Rules and Latest case law
260 _aChandigarh
_bJain Law Agency
_c1981
300 _a13 p.
942 _cBK
999 _c204041
_d204041